Statistics for Camouflaged Countries #2

Click here to take the quiz!

General Stats

  • This quiz has been taken 70 times
    (48 since last reset)
  • The average score is 8 of 10

Answer Stats

HintAnswer% Correct
Many actors do mini cameos in B-rated moviesDominica
94%
In Aruba, ham asparagus soup is a delicacyBahamas
90%
It may be too hasty to label a rusty knife uselessBelarus
90%
On different Sundays, the girls wed engineersSweden
90%
The mosquito gobbled up all my blood with gleeTogo
84%
Either my husband or Ralph will escort youAndorra
84%
Given a martini, gerbils can perform clever tricksNiger
74%
In comparison to the human, the machine paledNepal
58%
The aroma nearly made me faint with disgustOman
48%
If I disagree, would you consider it reasonable?Eritrea
48%

Score Distribution

Percentile by Number Answered

Percent of People with Each Score

Your Score History

You have not taken this quiz since the last reset